[Event "III Miedzynarodowy Memorial Ireny Warakomskiej - Open B"]
[Site "Suwalki"]
[Date "2019.08.12"]
[Round "3.17"]
[White "Karolczuk, Iwo "]
[Black "Kaliszuk, Kamil"]
[Result "1-0"]
[WhiteTitle ""]
[BlackTitle ""]
[WhiteElo "1987"]
[BlackElo "1853"]

1. Nf3 Nf6 2. d4 d5 3. c4 c6 4. e3 e6 5. b3 Nbd7 6. Bb2 Be7 7. Nbd2 O-O 8. Bd3
b6 9. Qe2 Bb7 10. e4 dxe4 11. Nxe4 c5 12. O-O cxd4 13. Nxd4 Ne5 14. Bc2 Ng6 15.
Nb5 Ne8 16. Rad1 Qb8 17. f3 a6 18. Nd4 Bc5 19. Kh1 Nd6 20. Nxe6 Nxe4 21. Nxf8
Ng3+ 22. hxg3 Kxf8 23. Bxg6 hxg6 24. Qe5 Qxe5 25. Bxe5 Ke7 26. Bd4 1-0

[Event "III Miedzynarodowy Memorial Ireny Warakomskiej - Open B"]
[Site "Suwalki"]
[Date "2019.08.12"]
[Round "3.18"]
[White "Kacprzak, Kacper "]
[Black "Kaczmarek, Arkadiusz "]
[Result "0-1"]
[WhiteTitle ""]
[BlackTitle ""]
[WhiteElo "1856"]
[BlackElo "1986"]

1. e4 d5 2. exd5 Nf6 3. d4 Nxd5 4. c4 Nb6 5. Nf3 g6 6. Nc3 Bg7 7. a4 a5 8. c5 Nd5
9. Bc4 Nb4 10. O-O O-O 11. h3 Bf5 12. g4 Bc8 13. Bf4 b6 14. Ne5 Ba6 15. Bxa6 N8xa6
16. c6 Bxe5 17. dxe5 Qxd1 18. Rfxd1 Rad8 19. Bh6 Rfe8 20. Nb5 Nxc6 21. Rdc1 Nd4
22. Rxc7 Nxb5 0-1

[Event "III Miedzynarodowy Memorial Ireny Warakomskiej - Open B"]
[Site "Suwalki"]
[Date "2019.08.12"]
[Round "3.20"]
[White "Warcaba, Jakub "]
[Black "Wierzbicki, Michal "]
[Result "1/2-1/2"]
[WhiteTitle ""]
[BlackTitle ""]
[WhiteElo "1661"]
[BlackElo "1978"]

1. d4 Nf6 2. c4 e6 3. Nf3 b6 4. g3 Ba6 5. Qc2 Bb7 6. Bg2 c5 7. d5 exd5 8. cxd5
Nxd5 9. O-O Be7 10. Rd1 Nc6 11. Qa4 Nc7 12. Bf4 Ne6 13. Ne5 Ned4 14. Nc3 a6 15.
Rd2 Ra7 16. e3 Nxe5 17. Bxe5 Bxg2 18. exd4 Bc6 19. Qc2 cxd4 20. Bxd4 O-O 21. Re1
Rb7 22. Rde2 Bf6 23. Bxf6 Qxf6 24. Ne4 Qg6 25. Qd2 Bb5 26. Re3 d5 27. Nc3 Bc6
28. Nxd5 Bxd5 1/2-1/2

[Event "III Miedzynarodowy Memorial Ireny Warakomskiej - Open B"]
[Site "Suwalki"]
[Date "2019.08.12"]
[Round "3.21"]
[White "Pytel, Maciej"]
[Black "Furtak, Joanna "]
[Result "1-0"]
[WhiteTitle ""]
[BlackTitle ""]
[WhiteElo "1977"]
[BlackElo "1893"]

1. e4 c5 2. Nf3 e6 3. d4 cxd4 4. Nxd4 Nc6 5. Nc3 Qc7 6. Be3 a6 7. Be2 Nf6 8. O-O
Be7 9. f4 d6 10. Bf3 O-O 11. Qe1 Re8 12. Nb3 b5 13. g4 Bb7 14. g5 Nd7 15. Qf2
Nc5 16. Nd2 b4 17. Ne2 Nb8 18. Ng3 Nbd7 19. Kh1 Na4 20. Rab1 d5 21. exd5 Bxd5
22. Bxd5 exd5 23. Nb3 Nac5 24. Nf5 Bf8 25. Nbd4 Ne6 26. Rg1 Ndc5 27. Rbf1 Ne4
28. Qh4 Bc5 29. c3 bxc3 30. bxc3 Rab8 31. Rf3 Nf8 32. Nxg7 Kxg7 33. Qh6+ Kh8 34.
Nf5 Ne6 35. Rh3 f6 36. g6 1-0

[Event "III Miedzynarodowy Memorial Ireny Warakomskiej - Open B"]
[Site "Suwalki"]
[Date "2019.08.12"]
[Round "3.22"]
[White "Kalvaitis, Gintautas "]
[Black "Litner, Igor "]
[Result "0-1"]
[WhiteTitle ""]
[BlackTitle ""]
[WhiteElo "1751"]
[BlackElo "1974"]

1. e4 d6 2. d4 Nf6 3. Nc3 e5 4. dxe5 dxe5 5. Qxd8+ Kxd8 6. Bg5 Be6 7. O-O-O Nbd7
8. Nf3 Bd6 9. Nb5 Ke7 10. Nxd6 cxd6 11. Nd2 h6 12. Bh4 Rac8 13. f3 a6 14. Nb3
g5 15. Bf2 Nh5 16. Rd2 f5 17. g3 fxe4 18. fxe4 Rhf8 19. Be1 Nhf6 20. Bg2 Ng4 21.
Re2 Bc4 22. Rd2 Ne3 23. Kb1 Nf6 24. Na5 Nxg2 25. Rxg2 Nxe4 26. Nxc4 Rxc4 27. b3
Rcc8 28. c4 b5 29. Re2 Nc5 30. cxb5 axb5 31. Re3 Ke6 32. g4 Rf4 33. h3 Rcf8 34.
Bg3 Rf1+ 35. Rxf1 Rxf1+ 36. Kc2 Ra1 37. Kb2 Rh1 38. Kc3 Rxh3 39. Kb4 Kd5 40. Bf2
Nd3+ 41. Kxb5 Nxf2 42. Rxh3 Nxh3 43. a4 e4 44. a5 e3 45. a6 e2 46. a7 e1=Q 47.
a8=Q+ Kd4 48. Qa7+ Kd3 49. Qh7+ Qe4 50. Qxh6 Qd5+ 51. Kb4 Nf4 52. Qh7+ Qe4+ 53.
Qxe4+ Kxe4 54. Kc3 Nd3 55. Kd2 d5 0-1

[Event "III Miedzynarodowy Memorial Ireny Warakomskiej - Open B"]
[Site "Suwalki"]
[Date "2019.08.12"]
[Round "3.23"]
[White "Kacprzak, Karol"]
[Black "Jeda, Maciej "]
[Result "1-0"]
[WhiteTitle ""]
[BlackTitle ""]
[WhiteElo "1973"]
[BlackElo "1815"]

1. e4 c5 2. Nf3 d6 3. d4 cxd4 4. Nxd4 Nf6 5. Nc3 g6 6. Be3 Bg7 7. f3 O-O 8. Qd2
Nc6 9. Bc4 Bd7 10. O-O-O Rc8 11. Bb3 Ne5 12. Kb1 Nc4 13. Bxc4 Rxc4 14. g4 Qb8
15. h4 b5 16. h5 b4 17. Nce2 Rfc8 18. Bh6 e5 19. Bxg7 Kxg7 20. hxg6 fxg6 21. Qh6+
Kg8 22. g5 Nh5 23. Rxh5 gxh5 24. g6 hxg6 25. Qxg6+ Kf8 26. Qf6+ Ke8 27. Rg1 Bg4
28. fxg4 Qc7 29. Nb5 Qc6 30. Qe6+ Kd8 31. Qxd6+ Qxd6 32. Nxd6 Rxc2 33. Nxc8 Rxe2
34. g5 Rf2 35. g6 Rf8 36. g7 Rg8 37. Nd6 1-0

[Event "III Miedzynarodowy Memorial Ireny Warakomskiej - Open B"]
[Site "Suwalki"]
[Date "2019.08.12"]
[Round "3.24"]
[White "Staroszczyk, Mateusz "]
[Black "Bebnik, Malgorzata "]
[Result "1-0"]
[WhiteTitle ""]
[BlackTitle ""]
[WhiteElo "1968"]
[BlackElo "1737"]

1. e4 c6 2. d4 d5 3. e5 Bf5 4. Nf3 e6 5. Be2 Nd7 6. O-O h6 7. a4 g5 8. a5 g4 9.
Ne1 h5 10. Be3 Bh6 11. Qd2 Qe7 12. Nd3 Bxe3 13. Qxe3 Nh6 14. Nd2 f6 15. Nb3 Be4
16. Ndc5 Nxc5 17. Nxc5 fxe5 18. dxe5 Bxc2 19. Qc3 Bf5 20. a6 b6 21. Nb7 c5 22.
Nd6+ Kf8 23. f3 Qg5 24. fxg4 hxg4 25. Bd3 Ke7 26. Rae1 Qg6 27. Bb5 Nf7 28. Bc6
Nxd6 29. exd6+ Kxd6 30. Bxa8 Rxa8 31. Qe5+ Kd7 32. Rd1 Re8 33. Rxd5+ exd5 34.
Qxd5+ Qd6 35. Qxf5+ Qe6 36. Qxe6+ Rxe6 37. Rf7+ Re7 38. Rxe7+ Kxe7 39. Kf2 Kf6
40. Ke3 Kf5 41. h3 Kg5 42. Ke4 g3 43. Ke5 c4 44. Kd4 b5 45. Kc5 Kf4 46. h4 Ke3
47. h5 Kf2 48. h6 Kxg2 49. h7 Kf1 50. h8=Q g2 51. Qh3 Kf2 52. Qh4+ Kf1 53. Qf4+
Ke2 54. Qg3 Kf1 55. Qf3+ Kg1 56. Kxb5 Kh2 57. Qf2 Kh1 58. Qh4+ Kg1 59. Kxc4 Kf1
60. Qf4+ Ke2 61. Qg3 Kf1 62. Qf3+ Kg1 63. b4 Kh2 64. Qf2 Kh1 65. Qh4+ Kg1 66.
b5 Kf1 67. Qf4+ Ke2 68. Qg3 Kf1 69. Qf3+ Kg1 70. b6 Kh2 71. Qf2 Kh1 72. Qh4+ Kg1
73. bxa7 Kf1 74. Qf4+ Ke2 75. Qg3 Kf1 76. Qf3+ Kg1 77. a8=Q Kh2 78. Qxg2# 1-0

[Event "III Miedzynarodowy Memorial Ireny Warakomskiej - Open B"]
[Site "Suwalki"]
[Date "2019.08.12"]
[Round "3.25"]
[White "Rosol, Alexander "]
[Black "Plesiuk, Jan "]
[Result "1-0"]
[WhiteTitle ""]
[BlackTitle ""]
[WhiteElo "1968"]
[BlackElo "1695"]

1. e4 e6 2. d4 d5 3. Nd2 c5 4. exd5 exd5 5. Ngf3 Nc6 6. Bb5 Qe7+ 7. Qe2 Qxe2+ 8.
Kxe2 a6 9. Bxc6+ bxc6 10. dxc5 Bxc5 11. Nb3 Bd6 12. Be3 Ne7 13. h3 Rb8 14. Rab1
Bf5 15. Rhc1 h6 16. Bc5 Kd7 17. Bxd6 Kxd6 18. Nbd4 Be4 19. b4 Rhe8 20. Rb2 a5
21. a3 axb4 22. axb4 Ng6 23. Kf1 Nf4 24. Ra1 Rb6 25. Ra7 Re7 26. Ra8 Reb7 27.
c3 Ke7 28. Ra5 g5 29. Kg1 f6 30. Rba2 Bd3 31. Ra8 h5 32. Rg8 Bg6 33. Raa8 Bf7
34. Nf5+ Ke6 35. N3d4+ Ke5 36. Rge8+ Ne6 37. Ra1 1-0

[Event "III Miedzynarodowy Memorial Ireny Warakomskiej - Open B"]
[Site "Suwalki"]
[Date "2019.08.12"]
[Round "3.27"]
[White "Koloczek, Maciej "]
[Black "Cwiek, Ryszard "]
[Result "0-1"]
[WhiteTitle ""]
[BlackTitle ""]
[WhiteElo "1958"]
[BlackElo "1800"]

1. e4 d6 2. d4 Nf6 3. Nc3 g6 4. f4 Bg7 5. Nf3 O-O 6. Bd3 Nc6 7. d5 Nb8 8. O-O c6
9. Qe2 cxd5 10. exd5 Nbd7 11. Bc4 a6 12. a4 Nc5 13. a5 b5 14. axb6 Qxb6 15. Kh1
Bb7 16. Ra2 Rfc8 17. b3 Qc7 18. Bb2 Ncd7 19. Rfa1 Nb6 20. Bxa6 Bxa6 21. Rxa6 Rxa6
22. Rxa6 Nfxd5 23. Nxd5 Nxd5 24. Bxg7 Kxg7 25. c4 Nxf4 26. Qb2+ Kg8 27. Nd4 Qb7
28. Ra2 Qe4 29. Ra1 d5 30. c5 Nd3 31. Qc3 e5 32. Nb5 Rxc5 33. Qa5 Qe3 34. Qd8+
Kg7 35. h3 Qg3 36. Nd6 Nf4 37. Ne8+ Kh6 0-1

[Event "III Miedzynarodowy Memorial Ireny Warakomskiej - Open B"]
[Site "Suwalki"]
[Date "2019.08.12"]
[Round "3.28"]
[White "Szczotka, Klara"]
[Black "Bartoszewicz, Marcin "]
[Result "0-1"]
[WhiteTitle ""]
[BlackTitle ""]
[WhiteElo "1732"]
[BlackElo "1950"]

1. e4 c5 2. Nf3 d6 3. Bb5+ Bd7 4. Bxd7+ Qxd7 5. c4 Nf6 6. d3 e6 7. O-O Be7 8. Nc3
O-O 9. Re1 Nc6 10. b3 Ne8 11. Bb2 Bf6 12. Qd2 Nc7 13. Ne2 Bxb2 14. Qxb2 e5 15.
a3 Ne6 16. Qc3 Qe7 17. b4 b6 18. Ng3 g6 19. Rad1 h5 20. Nf1 Ncd4 21. Nxd4 cxd4
22. Qb2 Qd7 23. Qd2 Kg7 24. h3 Nf4 25. Ng3 Qa4 26. Ra1 Rfc8 27. Ne2 Ne6 28. f4
Qd7 29. f5 Nf8 30. Rf1 b5 31. cxb5 Rc7 32. Qg5 Qd8 33. Qg3 Qf6 34. fxg6 Qxg6 35.
Qh4 Ne6 36. Rf3 Rc2 37. Rg3 Rxe2 38. Rxg6+ Kxg6 39. Rf1 Nf4 40. g3 Kh6 41. Qf6+
Ng6 42. g4 hxg4 43. hxg4 Rf8 44. g5+ Kh7 45. Qxd6 Re3 46. Rf6 Kg7 47. Qc5 Rg3+
48. Kf2 Rxg5 49. Rf3 Rh8 50. Rg3 Rh2+ 51. Kg1 Rgh5 52. Rg2 Rh1+ 53. Kf2 Rb1 54.
Qc2 Rhh1 55. Ke2 Kh7 56. Kf2 Nf4 57. Rg4 Rh2+ 0-1

[Event "III Miedzynarodowy Memorial Ireny Warakomskiej - Open B"]
[Site "Suwalki"]
[Date "2019.08.12"]
[Round "3.29"]
[White "Mazurek, Jerzy "]
[Black "Kulesza, Andrzej "]
[Result "0-1"]
[WhiteTitle ""]
[BlackTitle ""]
[WhiteElo "1653"]
[BlackElo "1940"]

1. d4 Nf6 2. c4 g6 3. g3 c5 4. Nf3 cxd4 5. Nxd4 Bg7 6. Bg2 Nc6 7. O-O O-O 8. Nc3
a6 9. Nxc6 bxc6 10. e4 Qc7 11. Re1 d6 12. h3 Be6 13. Qe2 Nd7 14. Be3 Ne5 15. c5
dxc5 16. Bxc5 Bc4 17. Qe3 Nd3 18. Bb6 Qb7 19. Reb1 Rfb8 20. Na4 Bb5 21. Bd4 Bxa4
22. Bxg7 Bc2 23. Bc3 Bxb1 24. Rxb1 Rd8 25. Bf1 Nb4 26. Qh6 f6 27. Bc4+ Nd5 28.
exd5 cxd5 29. Bb3 a5 30. h4 a4 31. Bc2 e5 32. h5 Qg7 33. Qxg7+ Kxg7 34. hxg6 hxg6
35. b4 Rac8 0-1

[Event "III Miedzynarodowy Memorial Ireny Warakomskiej - Open B"]
[Site "Suwalki"]
[Date "2019.08.12"]
[Round "3.30"]
[White "Musial, Tomasz "]
[Black "Sivickis, Wiktoria "]
[Result "1-0"]
[WhiteTitle ""]
[BlackTitle ""]
[WhiteElo "1935"]
[BlackElo "1793"]

1. d4 Nf6 2. c4 c5 3. d5 e6 4. Nc3 exd5 5. cxd5 d6 6. g3 g6 7. Bg2 Bg7 8. Nf3 O-O
9. O-O Re8 10. Re1 a6 11. a4 Nbd7 12. Bf4 Nh5 13. Bg5 Qb6 14. Qc2 h6 15. Bd2 Nhf6
16. e4 Ng4 17. Nd1 Nde5 18. Nxe5 Nxe5 19. Bc3 Qc7 20. f4 Nd7 21. Bxg7 Kxg7 22.
Qc3+ Kg8 23. Ne3 Rb8 24. a5 b5 25. axb6 Nxb6 26. b4 Qd7 27. bxc5 Na4 28. c6 Nxc3
29. cxd7 Bxd7 30. Nc4 Bb5 31. Nxd6 Red8 32. e5 Rxd6 33. exd6 Rd8 34. Kf2 Rxd6
35. Rac1 Na4 36. Rc8+ Kg7 37. Re7 Nb6 38. Rcc7 Nxd5 39. Rxf7+ Kg8 40. Rg7+ Kh8
41. Rh7+ Kg8 42. Bxd5+ Rxd5 43. Rxh6 Rd6 44. f5 Rd2+ 45. Ke3 Re2+ 46. Kf4 gxf5
47. Kxf5 Bd3+ 48. Kf6 Rf2+ 49. Ke5 Re2+ 50. Kd4 Bb5 51. Rb6 1-0

[Event "III Miedzynarodowy Memorial Ireny Warakomskiej - Open B"]
[Site "Suwalki"]
[Date "2019.08.12"]
[Round "3.32"]
[White "Szalko, Maciej "]
[Black "Baranska, Monika "]
[Result "1-0"]
[WhiteTitle ""]
[BlackTitle ""]
[WhiteElo "1931"]
[BlackElo "1784"]

1. d4 d5 2. c4 e6 3. g3 c6 4. Bg2 dxc4 5. Nf3 b5 6. O-O Nf6 7. a4 Bb7 8. b3 cxb3
9. Qxb3 b4 10. Nbd2 c5 11. Bb2 Nbd7 12. Rfd1 Be7 13. Qd3 O-O 14. e4 c4 15. Qxc4
Nxe4 16. Nxe4 Bxe4 17. a5 Nf6 18. Ne1 Bxg2 19. Nxg2 Nd5 20. Ne1 Qd7 21. Nd3 Rfc8
22. Ne5 Qe8 23. Rdc1 Qf8 24. Rc2 Rc7 25. Rac1 Rac8 26. Qb5 Qe8 27. Qa6 Bf8 28.
h4 Qe7 29. Qe2 Qf6 30. Nd7 Qd8 31. Nc5 Rc6 32. Qb5 Bxc5 33. dxc5 Qc7 34. a6 Rb8
35. Qd3 f6 36. Qe4 Qc8 37. f4 Qxa6 38. Ra1 Qb7 39. f5 Nc7 40. Rxa7 Qxa7 41. Qxc6
e5 42. g4 Qb7 43. Qd7 Ne8 44. c6 Qb6+ 45. Kh2 Qc7 46. Qe6+ Kf8 47. g5 e4+ 48.
Kh3 Qf4 49. Bc1 Qf3+ 50. Kh2 Qd1 51. Qxe4 Nc7 52. gxf6 gxf6 53. Bh6+ Kf7 54. Rd2
Qxd2+ 55. Bxd2 b3 56. Bf4 b2 57. Qb1 1-0

[Event "III Miedzynarodowy Memorial Ireny Warakomskiej - Open B"]
[Site "Suwalki"]
[Date "2019.08.12"]
[Round "3.33"]
[White "Ryszkiewicz, Adam"]
[Black "Kutowski, Marcel "]
[Result "1-0"]
[WhiteTitle ""]
[BlackTitle ""]
[WhiteElo "1927"]
[BlackElo "1773"]

1. e4 c6 2. Nf3 d5 3. d3 dxe4 4. Ng5 Nf6 5. Nxe4 Nxe4 6. dxe4 Qxd1+ 7. Kxd1 e5
8. Be3 Be6 9. c3 Nd7 10. Kc2 Bc5 11. Bxc5 Nxc5 12. f3 O-O-O 13. b4 Nd7 14. Nd2
Nb6 15. a4 Rd6 16. a5 Rhd8 17. Rd1 Na8 18. Be2 f6 19. c4 Nc7 20. Kc3 Bf7 21. Nb3
Ne6 22. g3 Nd4 23. Nxd4 Rxd4 24. Rxd4 Rxd4 25. Bd3 Kc7 26. h4 Rd8 27. f4 Kd6 28.
Rf1 g6 29. c5+ Ke7 30. a6 bxa6 31. Ra1 exf4 32. gxf4 Rd7 33. Rxa6 Rc7 34. Bc4
h6 35. Bxf7 Kxf7 36. Kc4 g5 37. fxg5 fxg5 38. hxg5 hxg5 39. Kd4 Rb7 40. Rxc6 Rxb4+
41. Ke5 Rb7 42. Kf5 Re7 43. e5 g4 44. Rh6 g3 45. e6+ Kf8 46. Kf6 Rg7 47. Rh8+
1-0

[Event "III Miedzynarodowy Memorial Ireny Warakomskiej - Open B"]
[Site "Suwalki"]
[Date "2019.08.12"]
[Round "3.34"]
[White "Flis, Pawel"]
[Black "Czernecki, Andrzej "]
[Result "1-0"]
[WhiteTitle ""]
[BlackTitle ""]
[WhiteElo "1925"]
[BlackElo "1580"]

1. e4 c5 2. Nc3 d6 3. f4 Nc6 4. Nf3 g6 5. Bc4 Bg7 6. O-O e6 7. d3 Nge7 8. Qe1 O-O
9. f5 exf5 10. Qh4 d5 11. exd5 Na5 12. Bg5 f6 13. d6+ Nxc4 14. Qxc4+ Kh8 15. dxe7
Qxe7 16. Rae1 Qc7 17. Bf4 Qc6 18. Re7 Bd7 19. Qd5 Qxd5 20. Nxd5 Bc6 21. Nc7 Rac8
22. Rfe1 g5 23. Bd6 Rfd8 24. Rxg7 Rxd6 25. Ree7 Rcd8 26. Rxh7+ Kg8 27. b3 b5 28.
h4 g4 29. Nd2 a5 30. h5 R6d7 31. Rhg7+ Kh8 32. Ne6 Rxe7 33. Rxe7 1-0

[Event "III Miedzynarodowy Memorial Ireny Warakomskiej - Open B"]
[Site "Suwalki"]
[Date "2019.08.12"]
[Round "3.35"]
[White "Goraj, Barbara "]
[Black "Wojdak, Jan"]
[Result "1/2-1/2"]
[WhiteTitle ""]
[BlackTitle ""]
[WhiteElo "1800"]
[BlackElo "1913"]

1. e4 c5 2. Nf3 Nc6 3. d4 cxd4 4. Nxd4 Qb6 5. Nb3 Nf6 6. Nc3 e6 7. Be3 Qc7 8. a3
a6 9. Bd3 d6 10. O-O Be7 11. f4 O-O 12. Qe2 b5 13. Kh1 Bb7 14. Rae1 b4 15. axb4
Nxb4 16. Nd4 Rac8 17. Bg1 d5 18. e5 Ne4 19. Bxe4 dxe4 20. Nxe4 Nxc2 21. Rc1 Nxd4
22. Rxc7 Nxe2 23. Rxb7 Nxg1 24. Kxg1 Bc5+ 25. Nxc5 Rxc5 26. Rd1 g5 27. b4 Rc4
28. fxg5 Re4 29. Rd6 Rc8 30. Rdd7 Rf4 31. g3 Rf5 32. Ra7 Rb8 33. h4 Rxb4 34. Rd8+
Kg7 35. Raa8 Kg6 36. Rxa6 Rxe5 37. Rg8+ Kf5 38. Rf8 Kg4 39. Rxf7 Kxg3 40. Ra3+
Kxh4 41. Rxh7+ Kxg5 42. Rg7+ Kf6 43. Rgg3 Rf4 44. Ra8 Ref5 45. Rb8 Rf1+ 46. Kg2
R5f2+ 47. Kh3 e5 48. Re3 Rf4 49. Rf8+ Kg6 50. Rxf4 exf4 51. Kg2 Ra1 52. Re5 Ra3
53. Kf2 Re3 54. Rxe3 fxe3+ 55. Kxe3 1/2-1/2

[Event "III Miedzynarodowy Memorial Ireny Warakomskiej - Open B"]
[Site "Suwalki"]
[Date "2019.08.12"]
[Round "3.36"]
[White "Hasinski, Krystian "]
[Black "Paszkowski, Krystian "]
[Result "0-1"]
[WhiteTitle ""]
[BlackTitle ""]
[WhiteElo "1902"]
[BlackElo "1746"]

1. c4 e5 2. Nc3 d6 3. g3 g6 4. Bg2 Bg7 5. d3 Nc6 6. Rb1 Be6 7. b4 Qd7 8. b5 Nd8
9. Nf3 h6 10. O-O f5 11. e4 Ne7 12. Nd5 O-O 13. a4 g5 14. Nxe7+ Qxe7 15. exf5
Bxf5 16. Ne1 Qd7 17. Nc2 Bh3 18. Bd5+ Kh8 19. Re1 c6 20. bxc6 bxc6 21. Bh1 Ne6
22. Be3 Nd4 23. Bxd4 exd4 24. Nb4 Rac8 25. a5 Qf5 26. Qd2 Qxa5 27. Ra1 Qc5 28.
Ra6 d5 29. cxd5 cxd5 30. Nxd5 Rfe8 31. Be4 Re5 32. Ra5 Qd6 33. Qb2 Rce8 34. Rb1
Qf8 35. f3 Be6 36. Qb4 Qf7 37. Qa4 Bxd5 38. Rxd5 Rxd5 39. Bxd5 Qe7 40. Be4 g4
41. Qc6 Rg8 42. Rb7 Qg5 43. f4 Qh5 44. Rxa7 Rf8 45. Qc7 Rg8 46. Qd6 Rf8 47. Qd7
Rg8 48. Qc7 Qb5 49. Rb7 Qa6 50. Qc1 Re8 51. Qb1 Qd6 52. Rb6 Qc7 53. Rc6 Qa7 54.
Qc1 Rxe4 55. dxe4 d3+ 56. Kf1 Qd4 57. Rc8+ Kh7 58. e5 Qe4 59. Kg1 Qd4+ 60. Kf1
Qe4 61. Rd8 Qh1+ 62. Kf2 Qxc1 63. Rxd3 0-1

[Event "III Miedzynarodowy Memorial Ireny Warakomskiej - Open B"]
[Site "Suwalki"]
[Date "2019.08.12"]
[Round "3.37"]
[White "Szczygiel, Konrad"]
[Black "Kasperczyk, Szymon "]
[Result "1-0"]
[WhiteTitle ""]
[BlackTitle ""]
[WhiteElo "1896"]
[BlackElo "1728"]

1. d4 Nf6 2. c4 d5 3. Nc3 c6 4. Nf3 g6 5. cxd5 cxd5 6. Bf4 Bg7 7. Bxb8 Rxb8 8.
Qa4+ Bd7 9. Qxa7 O-O 10. e3 b5 11. Qc5 b4 12. Nxd5 Ne4 13. Qxe7 Qa5 14. Qxe4 b3+
15. Nc3 Rfc8 16. Qd3 Bf5 17. Qa6 Qb4 18. Qa4 Rxc3 19. Qxb4 Rxb4 20. Nd2 Rc2 21.
axb3 Rxb2 22. Bc4 Rb7 23. Ke2 Bf8 24. Rhd1 Bc2 25. Ra8 Bxd1+ 26. Kxd1 Kg7 27.
Kc1 Bb4 28. Kxb2 Bxd2 29. Kc2 Be1 30. f3 g5 31. e4 h5 32. e5 Bf2 33. d5 Bg1 34.
d6 Bxh2 35. Ba6 1-0

[Event "III Miedzynarodowy Memorial Ireny Warakomskiej - Open B"]
[Site "Suwalki"]
[Date "2019.08.12"]
[Round "3.38"]
[White "Wilk, Igor "]
[Black "Milanowski, Jan"]
[Result "0-1"]
[WhiteTitle ""]
[BlackTitle ""]
[WhiteElo "1600"]
[BlackElo "1857"]

1. e4 e5 2. Nf3 d6 3. d4 exd4 4. Nxd4 Nc6 5. Bb5 Bd7 6. Nc3 Nf6 7. O-O Be7 8. f3
a6 9. Bxc6 bxc6 10. Be3 O-O 11. Qd3 Qc8 12. a4 a5 13. b3 Qa6 14. Qxa6 Rxa6 15.
Rad1 Be6 16. Nce2 Nd7 17. Nf4 Nc5 18. Bc1 Bc8 19. Ba3 Nd7 20. Nf5 Bf6 21. Nh5
Re8 22. Kf2 Be5 23. Ne3 g6 24. Ng3 Nb6 25. Ne2 c5 26. Nd5 Nxd5 27. exd5 Bf5 28.
Rd2 h5 29. f4 Bg7 30. Re1 Raa8 31. Red1 Rab8 32. Ng3 Bg4 33. Rb1 Bd4+ 34. Kf1
Be3 35. Rd3 Bxf4 36. h3 Bd7 37. Re1 Rxe1+ 38. Kxe1 Re8+ 39. Kf2 h4 40. Ne2 Be5
41. c4 Bf5 42. Re3 Kf8 43. Bc1 Bc2 44. Bd2 Rb8 45. Bxa5 Bxb3 46. Bxc7 Rb7 47.
a5 Bxc4 48. Bb6 f6 49. Re4 Bxd5 50. Rxh4 Kg7 51. Ra4 Kf7 52. Nf4 Bc6 53. Rc4 g5
54. Nd3 Bd4+ 55. Ke2 Bxg2 56. Nf2 Re7+ 0-1

[Event "III Miedzynarodowy Memorial Ireny Warakomskiej - Open B"]
[Site "Suwalki"]
[Date "2019.08.12"]
[Round "3.39"]
[White "Burak, Vyacheslav"]
[Black "Koziol, Pawel"]
[Result "1/2-1/2"]
[WhiteTitle ""]
[BlackTitle ""]
[WhiteElo "1509"]
[BlackElo "1852"]

1. e4 c5 2. Nf3 Nc6 3. d4 cxd4 4. Nxd4 g6 5. c4 Bg7 6. Be3 d6 7. Nc3 Nf6 8. Be2
Bd7 9. O-O O-O 10. Qd2 Nxd4 11. Bxd4 Bc6 12. f3 Nd7 13. Rfd1 a5 14. Bxg7 Kxg7
15. Qd4+ Kg8 16. Rd2 Qb6 17. Qxb6 Nxb6 18. Rad1 Rfc8 19. f4 Rc7 20. b3 Nd7 21.
Nd5 Bxd5 22. Rxd5 Nf6 23. R5d4 Rc5 24. Bf3 Ra7 25. Re1 Kf8 26. e5 Ne8 27. a3 b6
28. b4 axb4 29. axb4 Rc8 30. b5 Ra4 31. Bc6 dxe5 32. fxe5 Nc7 33. Red1 Ne6 34.
Rd7 Rxc4 35. h3 Rc5 36. R1d5 Rxd5 37. Bxd5 Nd8 38. Ra7 Ke8 39. Bf3 Rc5 40. Ra2
Kd7 41. Ra7+ 1/2-1/2

[Event "III Miedzynarodowy Memorial Ireny Warakomskiej - Open B"]
[Site "Suwalki"]
[Date "2019.08.12"]
[Round "3.40"]
[White "Duda, Lukasz "]
[Black "Borowik, Wojciech"]
[Result "1-0"]
[WhiteTitle ""]
[BlackTitle ""]
[WhiteElo "1847"]
[BlackElo "1599"]

1. e4 c5 2. c3 d6 3. d4 cxd4 4. cxd4 Nf6 5. Nc3 e6 6. Nf3 Be7 7. Bd3 O-O 8. O-O
Nc6 9. a3 a6 10. e5 dxe5 11. dxe5 Nd7 12. Qe2 Qc7 13. Bf4 Nc5 14. Bc2 b5 15. b4
Nd7 16. Rac1 Bb7 17. Ne4 Nb6 18. Neg5 g6 19. Ne4 Nd5 20. Bg3 Qb6 21. Qd2 Rfd8
22. Qh6 Bf8 23. Qh4 Nce7 24. Nf6+ Nxf6 25. exf6 Nf5 26. Bxf5 exf5 27. Bc7 Qa7
28. Bxd8 Rxd8 29. Ng5 h6 30. Ne6 Rd6 31. Nxf8 Kxf8 32. Qxh6+ Ke8 33. Rc7 Kd8 34.
Rxf7 Rd7 35. Qf8+ Kc7 36. Rc1+ Bc6 37. Rxd7+ Kxd7 38. Qe7+ Kc8 39. Rxc6+ Kb8 40.
Qd8+ Kb7 41. Qc8# 1-0

[Event "III Miedzynarodowy Memorial Ireny Warakomskiej - Open B"]
[Site "Suwalki"]
[Date "2019.08.12"]
[Round "3.41"]
[White "Gardian, Adam"]
[Black "Maciejewski, Mikolaj "]
[Result "0-1"]
[WhiteTitle ""]
[BlackTitle ""]
[WhiteElo "1842"]
[BlackElo "1788"]

1. d4 Nf6 2. Nf3 d5 3. Bf4 c5 4. e3 Qb6 5. Nc3 a6 6. Na4 Qa5+ 7. c3 e6 8. dxc5
Bxc5 9. Nxc5 Qxc5 10. Qd4 Nbd7 11. Be2 b6 12. O-O O-O 13. Rac1 Bb7 14. a4 Rfc8
15. Ne5 h6 16. h4 Qxd4 17. cxd4 Nxe5 18. Bxe5 Bc6 19. Bxf6 gxf6 20. a5 bxa5 21.
Rc5 Bb5 22. Bxb5 Rxc5 23. dxc5 axb5 24. c6 Rc8 25. Rc1 h5 26. Rc5 a4 27. Kf1 b4
28. Ke2 a3 29. bxa3 bxa3 30. Ra5 Rxc6 31. Ra8+ Kg7 32. Rxa3 f5 33. Kf3 e5 34.
Ra5 Rd6 35. Ke2 Kf6 36. Ra8 d4 37. exd4 Rxd4 38. g3 f4 39. Rh8 Kg6 40. Rg8+ Kf6
41. g4 hxg4 42. h5 g3 43. h6 f3+ 44. Kxf3 gxf2 45. Kxf2 Rh4 46. Rh8 Kg6 47. Re8
f6 48. Ke3 Rxh6 49. Ke4 Kf7 50. Ra8 Rh4+ 51. Kd5 Rd4+ 52. Kc5 0-1

[Event "III Miedzynarodowy Memorial Ireny Warakomskiej - Open B"]
[Site "Suwalki"]
[Date "2019.08.12"]
[Round "3.42"]
[White "Dziewonski, Dariusz"]
[Black "Hryharovich, Aliaksei"]
[Result "0-1"]
[WhiteTitle ""]
[BlackTitle ""]
[WhiteElo "1838"]
[BlackElo "1659"]

1. e4 c5 2. Nf3 Nc6 3. d4 cxd4 4. Nxd4 e5 5. Nb5 d6 6. c4 f5 7. Bd3 f4 8. N1c3
a6 9. Na3 Nf6 10. Nd5 Be6 11. Bd2 Be7 12. Nc2 O-O 13. Bc3 Rc8 14. Qe2 Nb8 15.
Ncb4 Nbd7 16. Nxf6+ Nxf6 17. Nd5 Nxd5 18. exd5 Bf5 19. Rc1 Bxd3 20. Qxd3 Bg5 21.
Rc2 e4 22. Qd4 Bf6 23. Qd1 Bxc3+ 24. Rxc3 Qg5 25. g3 e3 26. O-O Rce8 27. Qf3 e2
28. Re1 fxg3 29. Qxg3 Qd2 30. Rcc1 Rf6 31. Kh1 Rg6 32. Qf3 Qxc1 33. Rxc1 e1=Q+
34. Rxe1 Rxe1# 0-1

[Event "III Miedzynarodowy Memorial Ireny Warakomskiej - Open B"]
[Site "Suwalki"]
[Date "2019.08.12"]
[Round "3.43"]
[White "Wiewiora, Michalina"]
[Black "Starosciak, Szymon "]
[Result "1/2-1/2"]
[WhiteTitle ""]
[BlackTitle ""]
[WhiteElo "1812"]
[BlackElo "1762"]

1. c4 Nf6 2. Nc3 g6 3. g3 Bg7 4. Bg2 O-O 5. Nf3 d6 6. O-O e5 7. d3 Nbd7 8. Rb1
a5 9. a3 c6 10. e4 Nb6 11. b4 axb4 12. axb4 Re8 13. b5 d5 14. bxc6 bxc6 15. Qb3
Nbd7 16. cxd5 Rb8 17. Qc2 Rxb1 18. Qxb1 cxd5 19. exd5 Nb6 20. Re1 Nfxd5 21. Nxd5
Nxd5 22. Bb2 f6 23. d4 Bf5 24. Qa2 e4 25. Nd2 Kh8 26. Nxe4 Nb4 27. Qc4 Qe7 28.
Ba3 Bf8 29. d5 Rc8 30. Qd4 Qe5 31. Qxe5 fxe5 32. Rd1 Nxd5 33. Bxf8 Bxe4 34. Bd6
Bxg2 35. Bxe5+ Kg8 36. Kxg2 Rd8 37. Rb1 Rd7 38. h4 Kf7 39. Rb3 Ke6 40. Bb2 Rd6
41. Bc1 h5 42. Bg5 Kf5 43. Rf3+ Ke6 44. Kh3 Ra6 45. g4 hxg4+ 46. Kxg4 Ra4+ 47.
Kg3 Rc4 1/2-1/2

[Event "III Miedzynarodowy Memorial Ireny Warakomskiej - Open B"]
[Site "Suwalki"]
[Date "2019.08.12"]
[Round "3.45"]
[White "Jagura, Norbert "]
[Black "Kuleba, Ivan "]
[Result "1/2-1/2"]
[WhiteTitle ""]
[BlackTitle ""]
[WhiteElo "1786"]
[BlackElo "1609"]

1. c4 c5 2. Nc3 g6 3. g3 Bg7 4. Bg2 Nc6 5. d3 e6 6. e4 Nge7 7. Be3 d6 8. Nge2 Nd4
9. O-O O-O 10. Rb1 Nec6 11. a3 a5 12. f4 a4 13. Kh1 Bd7 14. Bxd4 Nxd4 15. Nxd4
cxd4 16. Na2 Qa5 17. Rf2 Rab8 18. Rc2 Rfc8 19. Rbc1 Rc5 20. Nb4 Rbc8 21. h3 h6
1/2-1/2